| 000 | 01184nam a2200301 a 4500 | ||
|---|---|---|---|
| 001 | 5264 | ||
| 003 | UkOxU | ||
| 005 | 20211208234035.0 | ||
| 008 | 131224s1955 njua b 100 0 eng | ||
| 035 | _a55-06699 | ||
| 035 | _aLOCATION UNKNOWN: EQOA | ||
| 040 |
_aDLC _cWSU _dOCL _dm.c _dSER _beng |
||
| 041 | _aeng | ||
| 082 |
_223 _a 338.476684 _bCAP 1957 |
||
| 110 | 2 |
_aUniversities--National Bureau Committee for Economic Research. _99669 |
|
| 245 | 1 | 0 |
_aCapital formation and economic growth : _ba conference of the Universities-National Bureau Committee for Economic Research |
| 260 |
_aPrinceton : _bPrinceton University Press, _c1955 |
||
| 300 |
_axii, 677 p. : _btables ; _c24 cm |
||
| 490 | 1 |
_aUniversities-National Bureau Committee for Economic Research. Special conference series ; _v6 |
|
| 500 | _a"A report of the National Bureau of Economic Research, New York." | ||
| 504 | _aBibliographical footnotes | ||
| 650 | 0 |
_aSaving and investment _916551 |
|
| 650 | 0 |
_aEconomic policy _916552 |
|
| 830 | 0 |
_vno. 6. _916557 |
|
| 830 | 0 |
_aSpecial conference series (Universities--National Bureau Committee for Economic Research) ; _916558 |
|
| 942 |
_2ddc _cBK |
||
| 999 |
_c5264 _d5264 |
||